000 00339nam a2200145Ia 4500
005 20251222141930.0
008 251222s9999||||xx |||||||||||||| ||spa||
020 _a84-7155-342-2
082 _a808.027/M63
100 _aMiranda Podadera, Luis
245 0 _aCurso de Redacción:
250 _a2a.ed.
264 _bPantagrama
942 _cLIB
999 _c9000
_d9000